01087cam a22002531 4500001001300000003000400013005001700017008004100034010001700075035001900092040005700111042001200168050002700180100002200207245009100229260007100320300003000391410006600421501020000487504006400687650003700751700002800788999001700816e 51000002 DLC20260227111234.0830127s1950 dcua b f000 0 eng c ae 51000002  a(OCoLC)9167406 aU.S. Office of Education. LibrarycWWauCdWWauCdDLC apremarc00aL111b.A6 1950, no. 141 aMcNeely, Simon A.10aPhysical education in the school child's day,cby Simon A. McNeely and Elsa Schneider. a[Washington]bFederal Security Agency, Office of Educationc[1950] avi, 94 p.billus.c23 cm.10aUnited States.bOffice of Education.tBulletin, 1950,vno. 14 aCopies 1 and 2 of L111.A6 with: State boards of education and chief state school officers / Ward W. Keesecker. Washington : Govt. Print. Off., 1950. Bound together subsequent to publication.5DLC a"You can find out more about physical education": p. 90-94. 0aPhysical education and training.1 aSchneider, Elsa,d1906- c22144d22144